Tecnicas de los centros de interes (Registro nro. 220676)

Detalles MARC
001 - NÚMERO DE CONTROL
campo de control 708686
005 - FECHA Y HORA DE LA ÚLTIMA TRANSACCIÓN
campo de control 20240705091658.0
008 - DATOS DE LONGITUD FIJA--INFORMACIÓN GENERAL
campo de control de longitud fija 011128s1936 spa
035 ## - NÚMERO DE CONTROL DEL SISTEMA
Número de control de sistema 708686
035 ## - NÚMERO DE CONTROL DEL SISTEMA
Número de control de sistema (OCoLC)819925418
040 ## - FUENTE DE LA CATALOGACIÓN
Centro/agencia transcriptor comduadb
041 ## - CÓDIGO DE LENGUA
Código de lengua del texto/banda sonora o título independiente spa
100 10 - ENTRADA PRINCIPAL--NOMBRE DE PERSONA
Nombre de persona Montoya O., J. Eleazar
Código de función aut
Término indicativo de función/relación Autor/a
9 (RLIN) 523115
245 10 - MENCIÓN DE TÍTULO
Título Tecnicas de los centros de interes
650 ## - PUNTO DE ACCESO ADICIONAL DE MATERIA--TÉRMINO DE MATERIA
Término de materia o nombre geográfico como elemento de entrada Centros de interes
9 (RLIN) 24426
650 ## - PUNTO DE ACCESO ADICIONAL DE MATERIA--TÉRMINO DE MATERIA
Término de materia o nombre geográfico como elemento de entrada Observación (Método educativo)
9 (RLIN) 85877
650 #7 - PUNTO DE ACCESO ADICIONAL DE MATERIA--TÉRMINO DE MATERIA
Término de materia o nombre geográfico como elemento de entrada Educación de niños
Fuente del encabezamiento o término lemb
9 (RLIN) 4711
773 0# - ENLACE AL DOCUMENTO FUENTE/ENTRADA DE REGISTRO ANFITRIÓN
Título La Escuela Rural (Medellín)
Parte(s) relacionada(s) Nos. 10-12, Nov. 1936/La Escuela Rural, p. 80-81
Número de control del registro 700904
Número bibliográfico anfitrión 215059
942 ## - ELEMENTOS DE ENTRADA AGREGADA (KOHA)
Tipo de ítem Koha Artículo de Revista

No hay ítems disponibles.